Essential Business Mathematics & Business Statistics (Record no. 22522)

MARC details
000 -LEADER
fixed length control field 00457nam a22001697a 4500
003 - CONTROL NUMBER IDENTIFIER
control field OSt
005 - DATE AND TIME OF LATEST TRANSACTION
control field 20211214132205.0
008 - FIXED-LENGTH DATA ELEMENTS--GENERAL INFORMATION
fixed length control field 211214b |||||||| |||| 00| 0 eng d
020 ## - INTERNATIONAL STANDARD BOOK NUMBER
International Standard Book Number 9788180521577
040 ## - CATALOGING SOURCE
Transcribing agency HU
082 ## - DEWEY DECIMAL CLASSIFICATION NUMBER
Classification number 513.93
100 ## - MAIN ENTRY--PERSONAL NAME
Personal name Soni R.S.
9 (RLIN) 22932
245 ## - TITLE STATEMENT
Title Essential Business Mathematics & Business Statistics
Statement of responsibility, etc. Soni R.S.
260 ## - PUBLICATION, DISTRIBUTION, ETC.
Place of publication, distribution, etc. New Delhi
Name of publisher, distributor, etc. Ane Books Pvt.Ltd .
Date of publication, distribution, etc. 2009
300 ## - PHYSICAL DESCRIPTION
Extent xii,426 p
Other physical details pc
Dimensions 22
942 ## - ADDED ENTRY ELEMENTS (KOHA)
Source of classification or shelving scheme Dewey Decimal Classification
Koha item type Books like text book referance book
Suppress in OPAC No
Holdings
Withdrawn status Lost status Source of classification or shelving scheme Damaged status Not for loan Collection code Home library Current library Shelving location Date acquired Total Checkouts Full call number Barcode Date last seen Copy number Price effective from Koha item type
    Dewey Decimal Classification     Reference Wondo Genet Library Wondo Genet Library General Stacks 12/14/2021   513.93 SON 2009 WGCFNRL00009253 12/14/2021 1 12/14/2021 Books like text book referance book